000 00191nam a22000857a 4500
999 _c23928
_d23928
005 20250926081838.0
008 250926b ||||| |||| 00| 0 eng d
040 _csk
245 _aJežiš náš osud